00179nam a2200061 4500100002900000245006200029260002600091 aMadusha R.Liyanaarachchi aSimplified Methods for Gold Nanoparticle Characterization aColombobICHEMCc2016